Autodesk architectural desktop : (Registro nro. 2271)

Detalles MARC
000 -LEADER
fixed length control field 01242nam a2200313 4500
001 - CONTROL NUMBER
control field 0000017946
003 - CONTROL NUMBER IDENTIFIER
control field CO-CtgCURN
005 - DATE AND TIME OF LATEST TRANSACTION
control field 20250502230208.0
007 - PHYSICAL DESCRIPTION FIXED FIELD--GENERAL INFORMATION
fixed length control field ta
008 - FIXED-LENGTH DATA ELEMENTS--GENERAL INFORMATION
fixed length control field 160627s2000 000 0 eng d
040 ## - CATALOGING SOURCE
Original cataloging agency CO-CtgCURN
Language of cataloging spa
Transcribing agency coctgcurn
082 0# - DEWEY DECIMAL CLASSIFICATION NUMBER
Classification number 621.39160288
Item number A82a
110 2# - MAIN ENTRY--CORPORATE NAME
Corporate name or jurisdiction name as entry element Autodesk.
245 10 - TITLE STATEMENT
Title Autodesk architectural desktop :
Remainder of title primeros pasos y novedades 3.3 /
Statement of responsibility, etc. Autodesk.
260 ## - PUBLICATION, DISTRIBUTION, ETC.
Place of publication, distribution, etc. Suiza :
Name of publisher, distributor, etc. Autodesk development,
Date of publication, distribution, etc. 2000.
300 ## - PHYSICAL DESCRIPTION
Extent xiv, 958 p.
336 ## - CONTENT TYPE
Source rdacontent
337 ## - MEDIA TYPE
Source rdamedia
Media type term sin mediacion
Media type code n
338 ## - CARRIER TYPE
Source rdacarrier
Carrier type term volumen
Carrier type code nc
500 ## - GENERAL NOTE
General note Incluye indice.
505 8# - FORMATTED CONTENTS NOTE
Formatted contents note Para empezar con architectural desktop.--Plantillas.--Novedades de autodesk architectural desktop.--Sistema de visualizacion.--Administrador de estilos.--Muros.--Ventanas.--Conjunto de ventanas
650 14 - SUBJECT ADDED ENTRY--TOPICAL TERM
Topical term or geographic name entry element Animacion por computador.
908 ## - PUT COMMAND PARAMETER (RLIN)
Put command parameter 160627
942 ## - ADDED ENTRY ELEMENTS (KOHA)
Koha item type Libros
Classification part 621.39160288
Item part A82a
Source of classification or shelving scheme Dewey Decimal Classification
Suppress in OPAC No
Existencias
Withdrawn status Lost status Source of classification or shelving scheme Damaged status Not for loan Collection Home library Current library Shelving location Date acquired Inventory number Total checkouts Full call number Barcode Date last seen Copy number Price effective from Koha item type Public note
    Dewey Decimal Classification     General Miguel Henríquez Castañeda Miguel Henríquez Castañeda General 03/29/2025 001760   621.39160288 A82a 001760 03/29/2025 ej.1 03/29/2025 Libros 620-ING&OP
    Dewey Decimal Classification     General Miguel Henríquez Castañeda Miguel Henríquez Castañeda General 03/29/2025 001761   621.39160288 A82a 001761 03/29/2025 ej.2 03/29/2025 Libros 620-ING&OP
    Dewey Decimal Classification     General Miguel Henríquez Castañeda Miguel Henríquez Castañeda General 03/29/2025 001762   621.39160288 A82a 001762 03/29/2025 ej.3 03/29/2025 Libros 620-ING&OP
    Dewey Decimal Classification     General Miguel Henríquez Castañeda Miguel Henríquez Castañeda General 03/29/2025 012819   621.39160288 A82a 012819 03/29/2025 ej.4 03/29/2025 Libros 620-ING&OP